| 000 | 00359nam a2200145Ia 4500 | ||
|---|---|---|---|
| 008 | 100122s9999 xx 000 0 und d | ||
| 082 |
_b37394 _a823 |
||
| 100 | _aWELL H G | ||
| 245 | _aLOVE AND MR LEWISHAM | ||
| 260 |
_bDREAMLAND PUBLICATIONS _c1932 |
||
| 300 | _a323 | ||
| 630 | _aLOVE AND MR LEWISHAM | ||
| 730 | _aLOVE AND MR LEWISHAM | ||
| 942 | _cBOOK | ||
| 999 |
_c371684 _d371681 |
||